Statistics for All Morgan Wallen Songs

Click here to take the quiz!

General Stats

  • This quiz has been taken 15 times
  • The average score is 17 of 66

Answer Stats

HintAnswer% Correct
dangerousdangerous
83%
one thing at a timelast night
75%
dangerous7 summers
67%
if i know meif i know me
67%
one thing at a timeone thing at a time
58%
dangerouswasted on you
58%
dangeroussand in my boots
50%
dangeroussilverado for sale
50%
dangerous865
42%
if i know mechasin you
42%
dangerousmore than my hometown
42%
if i know meup down
42%
if i know mewhiskey glasses
42%
dangerouscover me up
33%
one thing at a timeeverything i love
33%
dangerousheartless
33%
dangerousonly thing thats gone
33%
dangeroussomebody's problem
33%
dangerousthis bar
33%
dangerouswarning
33%
dangerouswhiskeyd my way
33%
singleyou proof
33%
dangerouscountry ass shit
25%
singledont think jesus
25%
if i know melittle rain
25%
dangerouslivin the dream
25%
dangerousme on whiskey
25%
dangerousmore surprised than me
25%
dangerousneed a boat
25%
dangerousoutlaw
25%
if i know metalkin tennessee
25%
one thing at a timetennessee fan
25%
dangerouswhatcha think of country now
25%
dangerousbeer dont
17%
dangerousblame it on me
17%
featurebroadway girls
17%
featureflower shops
17%
if i know megone girl
17%
if i know mehappy hour
17%
if i know meif i ever get you back
17%
one thing at a timei wrote the book
17%
dangerousneon eyes
17%
dangerousquitten time
17%
if i know meredneck love song
17%
dangerousrednecks red letters red dirt
17%
stand alonespin you around
17%
stand alonestand alone
17%
dangerousstill goin down
17%
dangerousthis side of a dust cloud
17%
singlethought you should know
17%
dangerouswonderin bout the wind
17%
dangerousyour bartender
17%
dangerousbandaid on a bullet hole
8%
singlechain smokin
8%
one thing at a timedays that end in why
8%
if i know mehad me by halftime
8%
featurehe went to jared
8%
if i know menot good at not
8%
stand alonesleep when we're dead
8%
if i know methe way i talk
8%
if i know mewhatcha know bout that
8%
stand aloneyin yang girl
8%
singleamerican nights
0%
featuregoin nowhere
0%
stand aloneman of the south
0%
singlestand out
0%

Score Distribution

Percentile by Number Answered

Percent of People with Each Score

Your Score History

You have not taken this quiz